Multiple Choice JetPunker Quiz - Pontiac - Statistics

General Stats
  • This quiz has been taken 26 times
    19 since last reset
  • The average score is 6 of 10
Answer Stats
Question Answer % Correct
What is a Pontiac? An automobile company
90%
What U.S. state does he live in? West Virginia
80%
What kind of hairstyle does he have? Mullet
70%
Besides English, what is the only other language he has earned points in? Spanish
70%
What trivia quiz series is he known for making? U.S. President Trivia
70%
In what year did he make his JetPunk account? 2024
60%
How many U.S. states has he been to? 6
60%
What is his Quizmaker rank? 2500 - 5000
40%
He has earned many badges. Which of these is NOT one of them? Border Badge
20%
Which of these Multiple Choice City Quizzes did he NOT make? Monrovia
20%
No matching quizzes found
Score Distribution
Percent of People with Each Score
Percentile by Number Answered
Your Score History
You have not taken this quiz since the last reset